Making committees work

Uloženo v:
Podrobná bibliografie
Hlavní autor: Tennyson, Mack
Médium: Kniha
Jazyk:angličtina
Vydáno: Ministerial Association. General Conference of Seventh-Day Adventists
Témata:
Tagy: Přidat tag
Žádné tagy, Buďte první, kdo vytvoří štítek k tomuto záznamu!

MARC

LEADER 00000nam a22000005a 4500
003 CL-ChBUA
005 20120815095518.0
008 101122s|||| xxu||||| |||| 000 ||eng
040 |a CL-ChBUA  |c CL-ChBUA 
082 0 0 |a 262.1 
090 |c 28252  |d 28252 
100 1 |a Tennyson, Mack 
245 1 0 |a Making committees work 
260 |b Ministerial Association. General Conference of Seventh-Day Adventists 
300 |a 102 p.  |c 22 cm. 
504 |a índice, apéndice 
650 4 |a LIDERAZGO PASTORAL 
650 4 |a LIDERAZGO CRISTIANO 
942 |c LIB 
952 |0 0  |1 0  |4 0  |7 0  |9 66282  |a UNACH  |b UNACH  |c 200  |d 2010-11-22  |i 46.901  |l 0  |o 262.1 / T 312  |p 67414  |r 2012-12-27 00:00:00  |u 66282  |w 2012-08-08  |y LIB  |k 262.1 / T 312 
999 |c 28252  |d 28252